Problems met by special children as perceived by the selected personnel of three special education in the Province of Rizal calendar year 2002 / (Record no. 16890)
[ view plain ]
| 000 -LEADER | |
|---|---|
| fixed length control field | 01139nam a22002537i 4500 |
| 003 - CONTROL NUMBER IDENTIFIER | |
| control field | URS |
| 005 - DATE AND TIME OF LATEST TRANSACTION | |
| control field | 20220117151130.0 |
| 008 - FIXED-LENGTH DATA ELEMENTS--GENERAL INFORMATION | |
| fixed length control field | 171213b xxu||||| |||| 00| 0 eng d |
| 050 14 - LIBRARY OF CONGRESS CALL NUMBER | |
| Classification number | BF 723.E9 |
| Item number | M2975 2003 |
| 100 1# - MAIN ENTRY--PERSONAL NAME | |
| Personal name | Malonda, Cherrylene N, |
| Relator term | author |
| 245 10 - TITLE STATEMENT | |
| Title | Problems met by special children as perceived by the selected personnel of three special education in the Province of Rizal calendar year 2002 / |
| Statement of responsibility, etc. | Cherrylene N. Malonda. |
| 260 #1 - PUBLICATION, DISTRIBUTION, ETC. | |
| Date of publication, distribution, etc. | 2003. |
| 300 ## - PHYSICAL DESCRIPTION | |
| Extent | xvi, 62 leaves : |
| Other physical details | illustrations (some colour) ; |
| Dimensions | 28 cm |
| 336 ## - CONTENT TYPE | |
| Source | rdacontent |
| Content type term | text |
| 336 ## - CONTENT TYPE | |
| Source | rdacontent |
| Content type term | still image |
| 337 ## - MEDIA TYPE | |
| Source | rdamedia |
| Media type term | unmediated |
| 338 ## - CARRIER TYPE | |
| Source | rdacarrier |
| Carrier type term | volume |
| 502 ## - DISSERTATION NOTE | |
| Dissertation note | Thesis |
| Degree type | A.B. Psychology |
| Name of granting institution | University of Rizal System |
| Year degree granted | 2003 |
| 504 ## - BIBLIOGRAPHY, ETC. NOTE | |
| Bibliography, etc. note | Includes bibliographical references. |
| 520 ## - SUMMARY, ETC. | |
| Summary, etc. | This study aimed to determine the problems met by the special children as perceive by the selected personnel of the three special education institutions in the province of Rizal, calendar year 2002. |
| 650 #0 - SUBJECT ADDED ENTRY--TOPICAL TERM | |
| Topical term or geographic name entry element | Exceptional children |
| Geographic subdivision | Philippines |
| -- | Rizal |
| 700 1# - ADDED ENTRY--PERSONAL NAME | |
| Personal name | Penaflor, Juliet C. |
| Relator term | degree supervisor |
| 942 ## - ADDED ENTRY ELEMENTS (KOHA) | |
| Source of classification or shelving scheme | Library of Congress Classification |
| Koha item type | Theses and dissertations |
| Withdrawn status | Source of classification or shelving scheme | Damaged status | Not for loan | Collection code | Home library | Current library | Shelving location | Date acquired | Total Checkouts | Full call number | Barcode | Date last seen | Price effective from | Koha item type |
|---|---|---|---|---|---|---|---|---|---|---|---|---|---|---|
| Library of Congress Classification | Non-fiction | Tanay College Library | Tanay College Library | General Stacks | 12/13/2017 | BF 723.E9 M2975 2003 | URSTAN-UGT1972 | 07/06/2023 | 12/13/2017 | Theses and dissertations | ||||
| Library of Congress Classification | Tanay College Library | Tanay College Library | 01/08/2018 | BF 723.E9 M2975 2003 | URSTAN-UGT1686 | 07/06/2023 | 01/08/2018 | Theses and dissertations | ||||||
| Library of Congress Classification | Tanay College Library | Tanay College Library | 07/19/2023 | BF 723.E9 M2975 2003 | URSTAN-UGT1974 | 01/08/2018 | 01/08/2018 | Theses and dissertations | ||||||
| Library of Congress Classification | Tanay College Library | Tanay College Library | 01/08/2018 | BF 723.E9 M2975 2003 | URSTAN-UGT1976 | 07/06/2023 | 01/08/2018 | Theses and dissertations | ||||||
| Library of Congress Classification | Non-fiction | Tanay College Library | Tanay College Library | General Stacks | 01/09/2018 | BF 723.E9 M2975 2003 | URSTAN-UGT1911 | 07/06/2023 | 01/09/2018 | Theses and dissertations |